<?xml version="1.0" encoding="UTF-8"?><?xml-stylesheet type="text/xsl" href="static/style.xsl"?><OAI-PMH xmlns="http://www.openarchives.org/OAI/2.0/" xmlns:xsi="http://www.w3.org/2001/XMLSchema-instance" xsi:schemaLocation="http://www.openarchives.org/OAI/2.0/ http://www.openarchives.org/OAI/2.0/OAI-PMH.xsd"><responseDate>2026-04-28T18:37:06Z</responseDate><request verb="GetRecord" identifier="oai:riubu.ubu.es:10259/5466" metadataPrefix="marc">https://riubu.ubu.es/oai/request</request><GetRecord><record><header><identifier>oai:riubu.ubu.es:10259/5466</identifier><datestamp>2021-11-02T12:43:37Z</datestamp><setSpec>com_10259_5088</setSpec><setSpec>com_10259_2728</setSpec><setSpec>col_10259_2764</setSpec></header><metadata><record xmlns="http://www.loc.gov/MARC21/slim" xmlns:doc="http://www.lyncode.com/xoai" xmlns:xsi="http://www.w3.org/2001/XMLSchema-instance" xmlns:dcterms="http://purl.org/dc/terms/" xsi:schemaLocation="http://www.loc.gov/MARC21/slim http://www.loc.gov/standards/marcxml/schema/MARC21slim.xsd">
<leader>00925njm 22002777a 4500</leader>
<datafield tag="042" ind1=" " ind2=" ">
<subfield code="a">dc</subfield>
</datafield>
<datafield tag="720" ind1=" " ind2=" ">
<subfield code="a">Alonso Arribas, Álvaro</subfield>
<subfield code="e">author</subfield>
</datafield>
<datafield tag="520" ind1=" " ind2=" ">
<subfield code="a">La elaboración de este trabajo surge del interés personal por desarrollar un programa de&#xd;
educación emocional dentro del currículo de la educación reglada en España.&#xd;
La Educación al igual que la mayoría de los sectores de la sociedad, se ha visto envuelta en&#xd;
una situación inesperada y jamás imaginada debido a la crisis del coronavirus. Además de&#xd;
afectar al desarrollo propio de las clases, existe la posibilidad de que también esté afectando&#xd;
emocionalmente a los alumnos.&#xd;
Las enormes deficiencias que tenemos en España en cuanto a la implantación de programas&#xd;
de educación emocional se han visto incrementadas debido a la gestión online que se debe&#xd;
hacer de estos por la suspensión de las clases presenciales.&#xd;
El confinamiento se toma como desencadenante inicial del estudio, teniendo la finalidad de&#xd;
acompañar a los adolescentes en la gestión de sus emociones.</subfield>
</datafield>
<datafield tag="024" ind2=" " ind1="8">
<subfield code="a">http://hdl.handle.net/10259/5466</subfield>
</datafield>
<datafield ind1=" " ind2=" " tag="653">
<subfield code="a">Competencias emocionales</subfield>
</datafield>
<datafield ind1=" " ind2=" " tag="653">
<subfield code="a">Formación del profesorado</subfield>
</datafield>
<datafield ind1=" " ind2=" " tag="653">
<subfield code="a">Educación emocional</subfield>
</datafield>
<datafield ind1=" " ind2=" " tag="653">
<subfield code="a">Inteligencia emocional</subfield>
</datafield>
<datafield ind1=" " ind2=" " tag="653">
<subfield code="a">Covid19</subfield>
</datafield>
<datafield tag="245" ind1="0" ind2="0">
<subfield code="a">TIC y educación emocional: propuesta de aplicación online en el aula de bachillerato</subfield>
</datafield>
</record></metadata></record></GetRecord></OAI-PMH>